The motorcycle / (Record no. 7062)

MARC details
000 -LEADER
fixed length control field 00909nam a22002777a 4500
001 - CONTROL NUMBER
control field 7062
003 - CONTROL NUMBER IDENTIFIER
control field FISKH
005 - DATE AND TIME OF LATEST TRANSACTION
control field 20250619151651.0
008 - FIXED-LENGTH DATA ELEMENTS--GENERAL INFORMATION
fixed length control field 250619b cb ||||| |||| 00| 0 eng d
020 ## - INTERNATIONAL STANDARD BOOK NUMBER
International Standard Book Number 071001003505
040 ## - CATALOGING SOURCE
Original cataloging agency FISKH
Language of cataloging eng
Transcribing agency FISKH
Modifying agency FISKH
050 ## - LIBRARY OF CONGRESS CALL NUMBER
Classification number PZ7.C5792 M
082 ## - DEWEY DECIMAL CLASSIFICATION NUMBER
Classification number 813.36
100 ## - MAIN ENTRY--PERSONAL NAME
Personal name Cleary, Beverly
Dates associated with a name (1916–2021)
245 ## - TITLE STATEMENT
Title The motorcycle /
Statement of responsibility, etc. Beverly Cleary ; Illustrated by Louis Darling
250 ## - EDITION STATEMENT
Edition statement This edition first published in 1990
260 ## - PUBLICATION, DISTRIBUTION, ETC.
Place of publication, distribution, etc. New York :
Name of publisher, distributor, etc. An Avon,
Date of publication, distribution, etc. 1965
300 ## - PHYSICAL DESCRIPTION
Extent 158 pages :
Other physical details illustrations ;
Dimensions 20 cm
505 ## - FORMATTED CONTENTS NOTE
Formatted contents note W<br/>
520 ## - SUMMARY, ETC.
Summary, etc. A reckless young mouse named Ralph makes friends with a boy in room 215 of the Mountain View Inn and discovers the joys of motorcycling.<br/>
650 ## - SUBJECT ADDED ENTRY--TOPICAL TERM
Source of heading or term Animals
Topical term or geographic name entry element Beverly Cleary
650 ## - SUBJECT ADDED ENTRY--TOPICAL TERM
Source of heading or term Mice
Topical term or geographic name entry element Young adult
700 ## - ADDED ENTRY--PERSONAL NAME
Personal name Darling, Louis
Dates associated with a name illustrator
942 ## - ADDED ENTRY ELEMENTS (KOHA)
Source of classification or shelving scheme Dewey Decimal Classification
Koha item type Books
Suppress in OPAC No
Holdings
Withdrawn status Lost status Source of classification or shelving scheme Damaged status Not for loan Collection Home library Current library Shelving location Date acquired Total Checkouts Full call number Barcode Date last seen Date last checked out Copy number Price effective from Koha item type
    Dewey Decimal Classification     Fiction Footprints International School Library Network Toul Tom Poung Campus Footprints International School Library Network Toul Tom Poung Campus TTP Secondary Fiction Bookshelves 06/19/2025 1 CLE 813.36 PZ7.C5792 M 2025-1677 04/29/2026 08/20/2025 1 06/19/2025 Books